| 000 | 00446cas a2200169 4500 | ||
|---|---|---|---|
| 008 | 090401t xxu||||| |||| 00| 0 eng d | ||
| 035 | _a(Sirsi) u99213 | ||
| 041 | _aeng | ||
| 245 | _aScottish Office Statistical Bulletin - Environment Series | ||
| 260 | _bScottish Office | ||
| 350 | _a0 | ||
| 500 | _aFirst Issue 18 Aug 94 Env/1994/4 July 1994 | ||
| 650 |
_aEnvironment _96238 |
||
| 650 | _aSTATISTICS | ||
| 942 | _n0 | ||
| 948 | _c18/08/1994 | ||
| 999 |
_c118684 _d118684 |
||